| 000 | 01285cam a2200325 i 4500 | ||
|---|---|---|---|
| 003 | DO-SdBNP | ||
| 005 | 20240712105813.0 | ||
| 007 | ta | ||
| 008 | 240712s2000 sp 000 f spa | ||
| 020 | _a840803569X | ||
| 040 |
_aDO-SdBNP _bspa _cBNPHU _erda |
||
| 082 |
_a863.64 _bM715h _222 |
||
| 100 | 1 |
_aMoix, Terenci, _d1943-2003 _921645 _eautor |
|
| 245 | 1 | 3 |
_aLa herida de la Esfinge / _cTerenci Moix |
| 264 | 1 |
_aEspaña : _bPlaneta, _c2000. |
|
| 300 |
_a203 páginas _c23 cm. |
||
| 336 |
_2rdacontent _atexto _btxt |
||
| 337 |
_2rdamedia _asin mediación _bn |
||
| 338 |
_2rdacarrier _avolumen _bnc |
||
| 500 | _aBest seller mundial. | ||
| 500 | _aLa esfinge, plantea secretos que van más allá de la vida. | ||
| 520 | _aEn junio de 1881, un joven aristócrata inglés, apasionado y fatalista, llega a El Cairo acompañado por una pintoresca cantante de ópera. Enamorados ambos de la misma mujer, se enfrentarán al impacto del país del Nilo con óptica distinta: dramática el uno, caricaturesca la otra. | ||
| 590 | _aInventariado, 2024/ YL | ||
| 650 | 4 |
_aNovela catalana _919902 |
|
| 650 | 4 |
_aLiteratura catalana _93128 |
|
| 650 | 4 |
_aMisterio _xNovela _921646 |
|
| 651 | 4 |
_aEgipto _xDescripciones Y Viajes _xNovela _921647 |
|
| 910 | _aYlockward | ||
| 942 |
_2ddc _cLBS1 |
||
| 999 |
_c57280 _d57280 |
||